000 00793nam a22002417a 4500
003 KOHA_MİRAKIL
005 20260408091512.0
008 260408b tu ||||| |||| 00| 0 tur d
040 _aTR-AnABB
_btur
_cTR-AnABB
041 _atur
082 _a306.09566
_bBES 1969
100 1 _aBeşikçi, ismail
_d
245 1 0 _aDoğu Anadolu'nun düzeni :
_bSosyo/ ekonomik ve etnik temeller /
_cİsmail Beşikçi
246 _aDoğu Anadolu'nun Düzeni
250 _a1. baskı
260 _aİstanbul :
_bE Yayınları,
_c1969
300 _a302 sayfa ;
_c20 cm
500 _aYazar tarafından imzalı
650 0 4 _aKültür ve Kurumların Sosyolojisi
650 0 4 _aKültür ve Kurumların Sosyolojisi, Doğu Anadolu
900 _bCan ÇELIK
942 _2ddc
_cBK
999 _c10186
_d10186